LEADER 01530nam 2200361Ia 450 001 996385483903316 005 20221107143744.0 035 $a(CKB)4940000000079248 035 $a(EEBO)2264190253 035 $a(OCoLC)12859443 035 $a(EXLCZ)994940000000079248 100 $a19851202d1699 uy | 101 0 $aeng 135 $aurbn||||a|bb| 200 10$aAnimadversions, being the two last books of my reverend brother Mr. Williams$b[electronic resource] $ethe one entituled A postscript to Gospel-truth, the other An end of discord : conscientiously examined, in order to a free entertainment of the truth, in some momentous points in divinity, controverted among the nonconformist brethen, occasionally here determined, for the sake of those honest among us that seek it, without trick or partiality /$fby John Humfrey .. 210 $aLondon $cPrinted by Tho. Snowden, for Tho. Parkhurst ...$d1699 215 $a[2], 38 p 300 $aReproduction of original in Union Theological Seminary Library, New York. 300 $aErrata: p. 38. 330 $aeebo-0160 606 $aJustification 606 $aDissenters, Religious$zGreat Britain 615 0$aJustification. 615 0$aDissenters, Religious 700 $aHumfrey$b John$f1621-1719.$01001745 801 0$bEAA 801 1$bEAA 801 2$bm/c 801 2$bWaOLN 906 $aBOOK 912 $a996385483903316 996 $aAnimadversions, being the two last books of my reverend brother Mr. Williams$92363665 997 $aUNISA LEADER 01057nam2 22002771i 450 001 UBO1246676 005 20231121125855.0 100 $a20180921d1892 ||||0itac50 ba 101 | $ager 102 $ade 181 1$6z01$ai $bxxxe 182 1$6z01$an 200 0 $a2$fFriedrich Hultsch 210 $aLeipzig$cS. Hirzel$d1892 215 $aP. 350-464$d30 cm. 461 1$1001UBO1246651$12001 $a˜Die œerzahlenden zeitformen bei Polybios$eein beitrag zur syntax der gemeingriechischen sprache$fvon Friedrich Hultsch$v2 606 $aPolibio$2FIR$3RMLC079662$9E 676 $a883.0109$9Narrativa e poesia epica in greco classico. Origini-500. Storia, descrizione, studi critici$v21 801 3$aIT$bIT-01$c20180921 850 $aIT-FR0017 899 $aBiblioteca umanistica Giorgio Aprea$bFR0017 $eN 912 $aUBO1246676 950 2$aBiblioteca umanistica Giorgio Aprea$d 52S.SIJ. LG3 Pol.Hul.2$e 52FLS0000219915 VMB RS $fC $h20180921$i20180921 977 $a 52 996 $a2$961340 997 $aUNICAS